[Event "2011 SC Site Championship, Round 1 - Group E"]
[Site "SchemingMind.com"]
[Date "2011.04.09"]
[Round "-"]
[White "startstek"]
[Black "thebirdolux"]
[Result "1/2-1/2"]
[WhiteCountry "ALG"]
[BlackCountry "USA"]
[WhiteElo "2025"]
[WhiteRD "101"]
[BlackElo "2502"]
[BlackRD "81"]
[GameID "280004"]

1. e4 c5 2. Nf3 Nc6 3. d4 cxd4 4. Nxd4 Nf6 5. Nc3 e5 6. Ndb5 d6 7. Bg5 a6 8. Na3 b5 9. Nd5 Be7 10. Bxf6 Bxf6
11. c3 Bg5 12. Nc2 O-O 13. a4 bxa4 14. Rxa4 Nb8 15. h4 Bh6 16. Nce3 Bxe3 17. Nxe3 Qc7 18. Bc4 Nd7 19. Nd5 Qd8 20. b4 Bb7
21. Qa1 Nb6 22. Nxb6 Qxb6 23. Bd5 Bxd5 24. exd5 Qb5 25. Ra5 Qc4 26. Rh3 h6 27. Qd1 Rfb8 28. Qe2 Qc7=
1/2-1/2

[Event "2011 SC Site Championship, Round 1 - Group E"]
[Site "SchemingMind.com"]
[Date "2011.04.10"]
[Round "-"]
[White "thebirdolux"]
[Black "startstek"]
[Result "1-0"]
[WhiteCountry "USA"]
[BlackCountry "ALG"]
[WhiteElo "2502"]
[WhiteRD "77"]
[BlackElo "1983"]
[BlackRD "102"]
[GameID "280006"]

1. e4 e5 2. Nf3 Nc6 3. Bb5 a6 4. Ba4 Nf6 5. O-O Be7 6. Re1 b5 7. Bb3 d6 8. c3 O-O 9. d3 Na5 10. Bc2 c5
11. d4 Qc7 12. d5 Nc4 13. b3 Nb6 14. a4 Bd7 15. Qe2 g6 16. a5 Nc8 17. b4 c4 18. h3 Nh5 19. Bh6 Re8 20. Qe3 Bf8
21. g4 Nf6 22. Bg5 Bg7 23. Nh2 Qa7 24. Qf3
1-0

[Event "2011 SC Site Championship, Round 1 - Group E"]
[Site "SchemingMind.com"]
[Date "2011.04.08"]
[Round "-"]
[White "Milan"]
[Black "startstek"]
[Result "1-0"]
[WhiteCountry "CZE"]
[BlackCountry "ALG"]
[WhiteElo "1935"]
[WhiteRD "75"]
[BlackElo "1983"]
[BlackRD "102"]
[GameID "280135"]

1. c4 Nf6 2. g3 g6 3. Bg2 Bg7 4. Nc3 O-O 5. e4 d6 6. Nge2 c5 7. O-O Nc6 8. d3 a6 9. a4 Ne8 10. h3 Nc7
11. Be3 Rb8 12. d4 cxd4 13. Nxd4 Bd7 14. Qd2 Ne5 15. Qe2 Ne6 16. Nxe6 Bxe6 17. Nd5 Bxd5 18. cxd5 Qd7 19. f4 Rfc8 20. fxe5 Bxe5
21. Kh2 b5 22. a5 Rc4 23. Rac1 Rbc8 24. Qf2 f6 25. Qd2 Qc7 26. h4 Kh8 27. Bh3 Rg8 28. Be6 Rb8 29. Bb6 Rxb6 30. axb6 Qxb6
31. Qh6 Qd8 32. Rxc4 bxc4 33. Rc1 c3 34. bxc3 Qb8 35. Bf7 Qb2+ 36. Kh3
1-0

[Event "2011 SC Site Championship, Round 1 - Group E"]
[Site "SchemingMind.com"]
[Date "2011.04.11"]
[Round "-"]
[White "Milan"]
[Black "thebirdolux"]
[Result "0-1"]
[WhiteCountry "CZE"]
[BlackCountry "USA"]
[WhiteElo "1938"]
[WhiteRD "78"]
[BlackElo "2499"]
[BlackRD "75"]
[GameID "280137"]

1. c4 e5 2. g3 Nf6 3. Bg2 d5 4. cxd5 Nxd5 5. Nc3 Nb6 6. Nf3 Nc6 7. O-O Be7 8. a3 O-O 9. b4 Be6 10. Rb1 f6
11. d3 a5 12. b5 Nd4 13. Nd2 Qc8 14. e3 Nf5 15. Bb2 Rd8 16. Qc2 Nd6 17. Rfd1 a4 18. Rbc1 Ra5 19. Bf1 Kh8 20. Nde4 Bb3
21. Nxd6 Bxd6 22. Qd2 Bxd1 23. Nxd1 Rxb5 24. d4 Rb3
0-1

[Event "2011 SC Site Championship, Round 1 - Group E"]
[Site "SchemingMind.com"]
[Date "2011.04.08"]
[Round "-"]
[White "startstek"]
[Black "Milan"]
[Result "1/2-1/2"]
[WhiteCountry "ALG"]
[BlackCountry "CZE"]
[WhiteElo "2025"]
[WhiteRD "101"]
[BlackElo "1937"]
[BlackRD "70"]
[GameID "280138"]

1. e4 c5 2. Nf3 d6 3. d4 cxd4 4. Nxd4 Nf6 5. Nc3 a6 6. Be3 e6 7. f3 b5 8. g4 b4 9. Nce2 h6 10. c4 e5
11. Nc2 Nc6 12. Qd2 a5 13. Bf2 Be7 14. Ng3 O-O 15. h4 Ne8 16. Nf5 Bxf5 17. gxf5 Rb8 18. b3 Nf6 19. Rg1 Kh8 20. Be2 Nh5
21. Be3 Bxh4+ 22. Kf1 Ng3+ 23. Kg2 Nxe2 24. Qxe2 Bg5 25. Rh1 a4 26. Rag1 Ra8 27. Qd2 Bxe3 28. Nxe3 axb3 29. axb3 Kg8 30. Rh5 g6
31. Kh3 Ra1 32. Nd1 Qf6 33. Qxh6 Re8 34. Rhg5 Qh8 35. Qxh8+ Kxh8 36. fxg6 Kg7 37. gxf7+ Kxf7 38. Rg7+ Kf8= 39. Rg8+ Ke7 40. R1g7+ Kd8
41. Rxe8+ Kxe8 42. Ne3 Nd4 43. Nf5 Nxf5 44. exf5 Rh1+ 45. Kg2 Rb1 46. f6 Rxb3 47. Rb7 Rc3 48. Rxb4 Kf7 49. Rb6=
1/2-1/2

[Event "2011 SC Site Championship, Round 1 - Group E"]
[Site "SchemingMind.com"]
[Date "2011.04.11"]
[Round "-"]
[White "thebirdolux"]
[Black "Milan"]
[Result "1-0"]
[WhiteCountry "USA"]
[BlackCountry "CZE"]
[WhiteElo "2499"]
[WhiteRD "75"]
[BlackElo "1938"]
[BlackRD "78"]
[GameID "280140"]

1. e4 c5 2. Nf3 d6 3. d4 cxd4 4. Nxd4 Nf6 5. Nc3 a6 6. Be3 e6 7. g4 e5 8. Nf5 h5 9. g5 Nxe4 10. Nxg7+ Bxg7
11. Nxe4 d5 12. Ng3 d4 13. Bd2 Qd5 14. Bd3 Bg4 15. Be4 Qd7 16. Bf3 Nc6 17. h3 Bxf3 18. Qxf3 O-O-O 19. O-O-O Qe6 20. Kb1 Qg6
21. Rhe1 Kb8 22. Qd3 Qxd3 23. cxd3 Ne7 24. f4 h4 25. Ne4 Nc6 26. f5 Bf8 27. Rg1 Nb4 28. g6 fxg6 29. fxg6 Nxd3 30. Bg5
1-0

[Event "2011 SC Site Championship, Round 1 - Group E"]
[Site "SchemingMind.com"]
[Date "2011.04.08"]
[Round "-"]
[White "palaciorep"]
[Black "startstek"]
[Result "0-1"]
[WhiteCountry "ARG"]
[BlackCountry "ALG"]
[WhiteElo "1677"]
[WhiteRD "102"]
[BlackElo "1983"]
[BlackRD "102"]
[GameID "280358"]

1. e4 e5 2. Nf3 Nc6 3. Nc3 Nf6 4. d3 Bc5 5. Bg5 h6 6. Bxf6 Qxf6 7. Nd5 Qd8 8. a3 a6 9. b4 Ba7 10. a4 d6
11. b5 Ne7 12. Nxe7 Qxe7 13. bxa6 bxa6 14. Be2 O-O 15. c4 f5 16. exf5 Bxf5 17. O-O c6 18. h3 Qe6 19. Nh2 Qg6 20. Kh1 Rab8
21. g4 Be6 22. f3 Qf6 23. Rb1 Qh4 24. Rxb8 Bxb8 25. d4 d5 26. c5 Qxh3 27. Rg1 e4 28. Rg2 exf3 29. Bxf3 Bxh2 30. Rxh2 Qxf3+
31. Qxf3 Rxf3 32. Rg2 Rf4 33. g5 hxg5 34. Rxg5 Rxd4 35. Re5 Kf7 36. a5 Rc4
0-1

[Event "2011 SC Site Championship, Round 1 - Group E"]
[Site "SchemingMind.com"]
[Date "2011.04.09"]
[Round "-"]
[White "palaciorep"]
[Black "thebirdolux"]
[Result "0-1"]
[WhiteCountry "ARG"]
[BlackCountry "USA"]
[WhiteElo "1633"]
[WhiteRD "100"]
[BlackElo "2418"]
[BlackRD "77"]
[GameID "280360"]

1. e4 c5 2. Nf3 Nc6 3. Bc4 g6 4. d3 Bg7 5. O-O e6 6. Re1 Nge7 7. Nc3 O-O 8. Ne2 d5 9. exd5 exd5 10. Bb3 Bg4
11. Nc3 Nd4 12. Be3 Bxf3 13. gxf3 Nxb3 14. Nxd5 Nxa1 15. Nxe7+ Qxe7 16. Qxa1 Rfe8 17. Bd2 Qf6 18. Rxe8+ Rxe8 19. Bc3 Qxf3 20. Bxg7 Re2
21. Qf1 Kxg7 22. a3 Rd2 23. Qe1 Rd1
0-1

[Event "2011 SC Site Championship, Round 1 - Group E"]
[Site "SchemingMind.com"]
[Date "2011.04.08"]
[Round "-"]
[White "palaciorep"]
[Black "Milan"]
[Result "0-1"]
[WhiteCountry "ARG"]
[BlackCountry "CZE"]
[WhiteElo "1633"]
[WhiteRD "100"]
[BlackElo "1871"]
[BlackRD "73"]
[GameID "280361"]

1. e4 c5 2. Nf3 d6 3. Bb5+ Bd7 4. c4 Bxb5 5. cxb5 Nf6 6. Nc3 g6 7. O-O Bg7 8. d3 O-O 9. Re1 Nbd7 10. a4 e6
11. Bd2 Re8 12. e5 dxe5 13. Nxe5 Nxe5 14. Rxe5 Nd5 15. Re1 Nb4 16. Be3 Nxd3 17. Re2 Nxb2 18. Qc2 Nd3 19. Rd1 c4 20. Red2 Qc7
21. Ne2 Rad8 22. g3 Nb2 23. Rxd8 Rxd8 24. Rxd8+ Qxd8 25. Bxa7 Qd3 26. Qxd3 cxd3 27. Nd4 d2
0-1

[Event "2011 SC Site Championship, Round 1 - Group E"]
[Site "SchemingMind.com"]
[Date "2011.04.08"]
[Round "-"]
[White "startstek"]
[Black "palaciorep"]
[Result "1-0"]
[WhiteCountry "ALG"]
[BlackCountry "ARG"]
[WhiteElo "1983"]
[WhiteRD "102"]
[BlackElo "1677"]
[BlackRD "102"]
[GameID "280362"]

1. e4 e5 2. Nf3 Nc6 3. Bc4 h6 4. d4 exd4 5. Nxd4 Nxd4 6. Qxd4 d6 7. Nc3 Be6 8. Nd5 c6 9. Ne3 Nf6 10. Bd2 d5
11. exd5 Nxd5 12. Nxd5 Bxd5 13. Bxd5 Qxd5 14. Qxd5 cxd5 15. Be3 b6 16. O-O-O Rd8 17. Rd3 Bc5 18. Rhd1 Bxe3+ 19. Rxe3+ Kf8 20. Rde1 g6
21. Re7 Ra8 22. Rc7 a6 23. Ree7 Rh7 24. Kd2 a5 25. a4 Rg7 26. Kd3 Kg8 27. Kd4 Kh7 28. Kxd5 Rd8+ 29. Rcd7 Rc8 30. c3 Rc5+
31. Kd4 Rf5 32. f3 Rf4+ 33. Re4 Rf5 34. Rb7 Rh5 35. h3 f5 36. Ree7 Rxe7 37. Rxe7+ Kg8 38. b3 f4 39. Re5 Rxe5 40. Kxe5 g5
41. Kd6 Kf7 42. Kc6 Ke6 43. Kxb6
1-0

[Event "2011 SC Site Championship, Round 1 - Group E"]
[Site "SchemingMind.com"]
[Date "2011.04.09"]
[Round "-"]
[White "thebirdolux"]
[Black "palaciorep"]
[Result "1-0"]
[WhiteCountry "USA"]
[BlackCountry "ARG"]
[WhiteElo "2418"]
[WhiteRD "77"]
[BlackElo "1633"]
[BlackRD "100"]
[GameID "280364"]

1. e4 e5 2. Nf3 Nc6 3. Bb5 Nge7 4. c3 Ng6 5. d4 exd4 6. cxd4 Bb4+ 7. Nc3 O-O 8. O-O Bxc3 9. bxc3 Nce7 10. h4 c6
11. Bd3 d5 12. h5 Nh8 13. e5 Bg4 14. Bxh7+ Kxh7 15. Ng5+ Kg8 16. Qxg4 Re8 17. h6 g6 18. h7+ Kg7 19. Qh3 Nf5 20. g4 Nxd4
21. cxd4 f5 22. gxf5 gxf5 23. Kg2 Ng6 24. Rh1 Qe7 25. Qxf5 b6 26. h8=Q+ Rxh8 27. Ne6+ Kg8 28. Qxg6+ Qg7 29. Qxg7#
1-0

[Event "2011 SC Site Championship, Round 1 - Group E"]
[Site "SchemingMind.com"]
[Date "2011.04.08"]
[Round "-"]
[White "Milan"]
[Black "palaciorep"]
[Result "1-0"]
[WhiteCountry "CZE"]
[BlackCountry "ARG"]
[WhiteElo "1871"]
[WhiteRD "73"]
[BlackElo "1633"]
[BlackRD "100"]
[GameID "280365"]

1. c4 e5 2. g3 Nf6 3. Bg2 Bc5 4. Nc3 Ng4 5. e3 d6 6. Nf3 Nc6 7. O-O Ne7 8. a3 a6 9. d4 exd4 10. exd4 Ba7
11. b4 O-O 12. c5 dxc5 13. dxc5 Qxd1 14. Rxd1 c6 15. h3 Nf6 16. Bg5 Ned5 17. Nxd5 Nxd5 18. h4 h6 19. Bc1 Bb8 20. Bb2 Bg4
21. Rd2 Bc7 22. Ne5 Bxe5 23. Bxe5 Rae8 24. Bd6 Re2 25. Rxe2 Bxe2 26. Bxd5 cxd5 27. Bxf8 Kxf8 28. Re1 Bb5 29. Re5 Bc6 30. f4 f6
31. Re6 Kf7 32. Rd6 Kg6 33. g4 Kf7 34. Kf2 g6 35. Ke3 g5 36. fxg5 hxg5 37. hxg5 fxg5 38. Kd4 Kg7 39. Ke5 Kf7 40. Kf5 Ke7
41. Kxg5 Kf7 42. Kf5 Ke7 43. g5 Kf7 44. Ke5 Kg7 45. Rxd5 Bxd5 46. Kxd5 Kg6 47. Kd6 Kxg5 48. Kc7 Kf6 49. Kxb7 Ke7 50. c6
1-0

[Event "2011 SC Site Championship, Round 1 - Group E"]
[Site "SchemingMind.com"]
[Date "2011.04.10"]
[Round "-"]
[White "Orange Lion"]
[Black "startstek"]
[Result "1-0"]
[WhiteCountry "NED"]
[BlackCountry "ALG"]
[WhiteElo "2430"]
[WhiteRD "77"]
[BlackElo "1983"]
[BlackRD "102"]
[GameID "280467"]

1. e4 e5 2. f4 d5 3. exd5 exf4 4. Nf3 Nf6 5. Bb5+ c6 6. dxc6 Nxc6 7. d4 Bd6 8. Qe2+ Be6 9. Ng5 O-O 10. Nxe6 fxe6
11. Bxc6 bxc6 12. O-O Qc7 13. Nd2 e5 14. dxe5 Bxe5 15. Nf3 Bd6 16. Qc4+ Nd5 17. Kh1 Rae8 18. Bd2 Qb6 19. b4 Kh8 20. a3 h6
21. Qd3 Ne3 22. Bxe3 Rxe3 23. Qxd6
1-0

[Event "2011 SC Site Championship, Round 1 - Group E"]
[Site "SchemingMind.com"]
[Date "2011.04.09"]
[Round "-"]
[White "Orange Lion"]
[Black "palaciorep"]
[Result "1-0"]
[WhiteCountry "NED"]
[BlackCountry "ARG"]
[WhiteElo "2462"]
[WhiteRD "82"]
[BlackElo "1711"]
[BlackRD "100"]
[GameID "280468"]

1. e4 e5 2. f4 exf4 3. Nf3 d5 4. exd5 Qxd5 5. Nc3 Qd8 6. d4 Bb4 7. Bxf4 Bg4 8. Bb5+ c6 9. Bc4 Nd7 10. O-O Bxc3
11. bxc3 Nb6 12. Bxf7+ Kxf7 13. Ng5+ Kf8 14. Bd6+ Ke8 15. Rf8+ Kd7 16. Qxg4+ Kxd6 17. Qf4+ Kd5 18. Rf5+ Kc4 19. Rc5#
1-0

[Event "2011 SC Site Championship, Round 1 - Group E"]
[Site "SchemingMind.com"]
[Date "2011.04.09"]
[Round "-"]
[White "Orange Lion"]
[Black "thebirdolux"]
[Result "0-1"]
[WhiteCountry "NED"]
[BlackCountry "USA"]
[WhiteElo "2413"]
[WhiteRD "77"]
[BlackElo "2499"]
[BlackRD "75"]
[GameID "280470"]

1. e4 c5 2. Nf3 Nc6 3. d4 cxd4 4. Nxd4 Nf6 5. Nc3 e5 6. Ndb5 d6 7. Bg5 a6 8. Na3 b5 9. Nd5 Be7 10. Bxf6 Bxf6
11. c3 Bg5 12. Nc2 Ne7 13. h4 Bh6 14. a4 bxa4 15. Ncb4 Bd7 16. Nxe7 Qxe7 17. g4 Bf4 18. Nd5 Qd8 19. Nxf4 exf4 20. Qxd6 Qe7
21. Qxf4 O-O 22. f3 Rab8 23. Rh2 Rb6 24. Qg5 Qd6 25. Rg2 Qb8 26. h5 h6 27. Qd2 Rd6 28. Qe3 Rd8 29. e5 Rd5 30. f4 Qb3
31. Bd3 Bb5 32. Bc2 Qc4 33. Rf2 Rd3
0-1

[Event "2011 SC Site Championship, Round 1 - Group E"]
[Site "SchemingMind.com"]
[Date "2011.04.09"]
[Round "-"]
[White "Orange Lion"]
[Black "Milan"]
[Result "1/2-1/2"]
[WhiteCountry "NED"]
[BlackCountry "CZE"]
[WhiteElo "2404"]
[WhiteRD "78"]
[BlackElo "1937"]
[BlackRD "70"]
[GameID "280471"]

1. e4 c5 2. Nf3 d6 3. d4 cxd4 4. Nxd4 Nf6 5. Nc3 a6 6. Be3 e6 7. f3 b5 8. Qd2 b4 9. Na4 Nbd7 10. c4 bxc3
11. Nxc3 Bb7 12. Be2 Be7 13. O-O O-O 14. Rac1 Qb8 15. Bf2 Rd8 16. Rfd1 d5 17. exd5 Nxd5 18. Bg3 Qa7 19. Nxd5 Bxd5 20. Kh1 Rac8=
21. Nf5 Bf6 22. Rxc8 Rxc8 23. b3 h5 24. Nd6 Rc6 25. Nc4 h4 26. Bf4 h3 27. gxh3 Qf2 28. Qe3 Qh4 29. Kg2 Rc8 30. Bg3 Qh5
31. Qa7 Nf8 32. Ne3 Ra8 33. Qb6 Ng6 34. Nxd5 exd5 35. Qc6 Rd8 36. Qxa6 Qg5 37. Kh1 Nf4 38. Bf1 Qh5 39. Bg2 Qf5 40. Bxf4 Qxf4
41. Qe2 Be5 42. Bf1 Bd4 43. Qe1 Rd6 44. Bg2 Be5 45. Qg3 Qf5 46. f4 Bxf4 47. Rf1 Rf6 48. Qc3 Qg5 49. a4 Bd2 50. Qc8+ Kh7
51. Qc2+ g6 52. Qd3 Rxf1+ 53. Qxf1 Kg8 54. Qd3 Ba5 55. Qd1 Bc7 56. Bxd5 Qf4 57. Qg1 Kh7 58. Ba8 Kg8 59. Bb7 Kh7 60. Bd5 Qf5
61. Bg2=
1/2-1/2

[Event "2011 SC Site Championship, Round 1 - Group E"]
[Site "SchemingMind.com"]
[Date "2011.04.10"]
[Round "-"]
[White "startstek"]
[Black "Orange Lion"]
[Result "1/2-1/2"]
[WhiteCountry "ALG"]
[BlackCountry "NED"]
[WhiteElo "2025"]
[WhiteRD "101"]
[BlackElo "2404"]
[BlackRD "78"]
[GameID "280472"]

1. e4 e6 2. d4 d5 3. Nc3 Bb4 4. e5 c5 5. a3 Bxc3+ 6. bxc3 Ne7 7. Qg4 O-O 8. Bd3 Nbc6 9. Qh5 Nf5 10. Nf3 f6
11. g4 c4 12. gxf5 cxd3 13. Rg1 Ne7 14. Rxg7+ Kxg7 15. exf6+ Rxf6 16. Qg5+ Ng6 17. fxg6 hxg6 18. Bf4 dxc2 19. Be5 Bd7 20. h4 Ba4
21. h5 Kf7 22. Bxf6 Qxf6 23. Ne5+ Ke7 24. Nxg6+ Kf7 25. Ne5+ Ke7 26. f4 Rc8 27. Ng6+ Kf7 28. Ne5+=
1/2-1/2

[Event "2011 SC Site Championship, Round 1 - Group E"]
[Site "SchemingMind.com"]
[Date "2011.04.09"]
[Round "-"]
[White "palaciorep"]
[Black "Orange Lion"]
[Result "0-1"]
[WhiteCountry "ARG"]
[BlackCountry "NED"]
[WhiteElo "1711"]
[WhiteRD "100"]
[BlackElo "2462"]
[BlackRD "82"]
[GameID "280473"]

1. e4 e6 2. Nf3 d5 3. e5 c5 4. Bb5+ Bd7 5. Bxd7+ Nxd7 6. O-O Ne7 7. c3 Ng6 8. d4 Be7 9. Be3 O-O 10. Nbd2 Rc8
11. Re1 Qb6 12. Rb1 cxd4 13. Bxd4 Qa6 14. a3 Rfe8 15. h3 Bd8 16. a4 Be7 17. b4 Nb6 18. Bxb6 Qxb6 19. Qb3 Qc7 20. Rbc1 a5
21. Qb2 Nf4 22. Nd4 Nd3 23. Qc2 Nxe1 24. Rxe1 axb4 25. Nb5 Qa5 26. Nd6 Bxd6 27. exd6 Red8 28. Nf3 Rxc3 29. Qd1 b3 30. Re2 Qxa4
31. Kh2 Qf4+ 32. Kg1 Rc1
0-1

[Event "2011 SC Site Championship, Round 1 - Group E"]
[Site "SchemingMind.com"]
[Date "2011.04.10"]
[Round "-"]
[White "thebirdolux"]
[Black "Orange Lion"]
[Result "1-0"]
[WhiteCountry "USA"]
[BlackCountry "NED"]
[WhiteElo "2499"]
[WhiteRD "75"]
[BlackElo "2413"]
[BlackRD "77"]
[GameID "280475"]

1. e4 e6 2. d4 d5 3. Nd2 Nf6 4. e5 Nfd7 5. c3 c5 6. Bd3 Nc6 7. Ne2 Qb6 8. Nf3 cxd4 9. cxd4 f6 10. Nc3 fxe5
11. dxe5 Be7 12. O-O O-O 13. Re1 Kh8 14. a3 Bc5 15. Be3 Bxe3 16. Rxe3 d4 17. Na4 Qc7 18. Re4 Ndxe5 19. Nxe5 Nxe5 20. Rxd4 Nxd3
21. Rxd3 e5 22. Rc1 Qf7 23. Qd2 Bf5 24. Rd6 Qe7 25. Rd1 Rf6 26. Rd5 Be4 27. Nc3 Bxd5 28. Nxd5 Qf7 29. Nxf6 Qxf6 30. g3 Rf8
31. Qe3 a6 32. Re1 Re8 33. Qe4 Re7 34. h4
1-0

[Event "2011 SC Site Championship, Round 1 - Group E"]
[Site "SchemingMind.com"]
[Date "2011.04.09"]
[Round "-"]
[White "Milan"]
[Black "Orange Lion"]
[Result "0-1"]
[WhiteCountry "CZE"]
[BlackCountry "NED"]
[WhiteElo "1937"]
[WhiteRD "70"]
[BlackElo "2404"]
[BlackRD "78"]
[GameID "280476"]

1. c4 Nf6 2. g3 e6 3. Bg2 d5 4. Nf3 Be7 5. O-O O-O 6. b3 c5 7. Bb2 Nc6 8. e3 d4 9. exd4 cxd4 10. Re1 Qb6
11. Ne5 Nxe5 12. Rxe5 Bd7 13. d3 Bd6 14. Re1 e5 15. Nd2 Rfe8 16. Ne4 Nxe4 17. Bxe4 Bb4 18. Rf1 Bc6 19. f3 Rad8 20. a3 Be7
21. b4 Bg5 22. Bc1 Be3+ 23. Kg2 Bd7 24. Re1 Be6 25. g4= Bxc1 26. Rxc1 Bd7 27. c5 Qc7 28. Qc2 Bc6 29. Bxc6 Qxc6 30. Re4 Qa6
31. a4 Re6 32. Rce1 Rde8 33. b5 Qa5 34. Qc4 g5 35. Qc1 h6 36. Qc4 Qc7 37. Rc1 Rc8 38. Re2 Qd7 39. Qb3 Kg7 40. h3 Rc7
41. Qb4 Qd5 42. Qc4 Qd8 43. Rce1 Rce7 44. Qb3 Qc7 45. Rc2 h5 46. Rec1 hxg4 47. hxg4 Rh6 48. Rh1 e4 49. dxe4 Rxh1 50. Kxh1 Re8
51. Qb4 Qe5 52. Kg1 d3 53. Rf2 Rd8 54. Kg2 f6 55. Rf1 d2 56. Rd1 Qf4 57. c6 Rh8 58. Qa3 bxc6 59. bxc6 a5 60. Rh1 d1=Q
61. Rxd1 Qh2+ 62. Kf1 Qc2 63. Rd7+ Kg6 64. Kg1 Rb8 65. Rb7 Qd1+ 66. Kf2 Qd2+ 67. Kf1 Rh8 68. Kg1 Qf4 69. Kf2 Rh2+ 70. Kf1 Qe5
71. Rd7 Qb8
0-1